000 00380nam a22001457a 4500
005 20240606023638.0
008 240606b |||||||| |||| 00| 0 eng d
082 _222
_a345
_bCOL
245 _aRome Statute of the International Criminal Court
260 _aNetherland
_bInternational Criminal Court
_c2002
300 _a article 70
650 _aCrime
650 _aLaw
942 _cL
999 _c5884
_d5884